[Event "KEN-ch (Women)"]
[White "Kimani, Wanjiru"]
[Black "Ingado, Mercy"]
[Site "Nairobi"]
[Round "3"]
[Result "0-1"]
[Date "2024.02.10"]
[WhiteElo "1403"]
[BlackElo "1292"]
[PlyCount "90"]
[EventDate "2024.02.09"]
[EventType "tourn"]
[EventRounds "11"]
[EventCountry "KEN"]
[SourceTitle "CBM 218 Extra"]
[Source "ChessBase"]
[SourceDate "2024.03.31"]
[SourceVersion "1"]
[SourceVersionDate "2024.03.31"]
[SourceQuality "1"]

1. Nf3 c5 2. g3 d6 3. Bg2 Nf6 4. 0-0 g6 5. d3 Bg7 6. e4 0-0 7. Re1 Nc6 8. c3 b6 9. Nbd2 Bb7 10. Nf1 b5 11. d4 cxd4 12. cxd4 Qb6 13. e5 Ng4 14. exd6 exd6 15. Ne3 Nxe3 16. Bxe3 Ne7 17. d5 Qc7 18. Ng5 Bxb2 19. Rb1 Bc3 20. Re2 Qc4 21. Bd2 Bxd2 22. Rxe7 Bxg5 23. Rxb7 a6 24. a4 Rfb8 25. Bf1 Qc5 26. Rxb8+ Rxb8 27. axb5 axb5 28. Qd3 b4 29. Be2 Bf6 30. Qc4 Bd4 31. Rf1 b3 32. Kg2 b2 33. Qa2 Bxf2 34. Bd3 Bd4 35. Bb1 Qc3 36. Qa6 Qd2+ 37. Kh3 Re8 38. Qb5 Qh6+ 39. Kg2 Qd2+ 40. Kh3 Re2 41. Rf4 Rxh2+ 42. Kg4 Qd1+ 43. Rf3 h5+ 44. Kf4 Be5+ 45. Ke3 Qd4# 0-1